<?xml version="1.0" encoding="UTF-8"?>
<record
    xmlns:xsi="http://www.w3.org/2001/XMLSchema-instance"
    xsi:schemaLocation="http://www.loc.gov/MARC21/slim http://www.loc.gov/standards/marcxml/schema/MARC21slim.xsd"
    xmlns="http://www.loc.gov/MARC21/slim">

  <leader>00450    a2200121   4500</leader>
  <datafield tag="082" ind1=" " ind2=" ">
    <subfield code="a">779.85</subfield>
    <subfield code="b">C445f</subfield>
  </datafield>
  <datafield tag="110" ind1=" " ind2=" ">
    <subfield code="a">Banco de la Republica / Biblioteca Luis Angel Arango</subfield>
    <subfield code="9">497</subfield>
  </datafield>
  <datafield tag="245" ind1=" " ind2=" ">
    <subfield code="a">Martin Chambi</subfield>
    <subfield code="b">Fotografias del Peru  1920-1950</subfield>
  </datafield>
  <datafield tag="260" ind1=" " ind2=" ">
    <subfield code="a">Peru</subfield>
    <subfield code="b">Banco de la Republica</subfield>
    <subfield code="c">1988</subfield>
  </datafield>
  <datafield tag="300" ind1=" " ind2=" ">
    <subfield code="a">106 p</subfield>
    <subfield code="b">il.</subfield>
    <subfield code="c">28 cm</subfield>
  </datafield>
  <datafield tag="650" ind1=" " ind2=" ">
    <subfield code="a">Fotografa&#x315;</subfield>
    <subfield code="v">Catl&#x300;ogo de exhibicin&#x324; 1920-1950</subfield>
    <subfield code="z">Per</subfield>
    <subfield code="9">553</subfield>
  </datafield>
  <datafield tag="710" ind1=" " ind2=" ">
    <subfield code="a">Banco de la Republica / Biblioteca Luis Angel Arango</subfield>
    <subfield code="9">498</subfield>
  </datafield>
  <datafield tag="999" ind1=" " ind2=" ">
    <subfield code="c">100</subfield>
    <subfield code="d">100</subfield>
  </datafield>
  <datafield tag="952" ind1=" " ind2=" ">
    <subfield code="0">0</subfield>
    <subfield code="1">0</subfield>
    <subfield code="2">ddc</subfield>
    <subfield code="4">0</subfield>
    <subfield code="7">0</subfield>
    <subfield code="a">LV</subfield>
    <subfield code="b">LV</subfield>
    <subfield code="c">Pensamiento</subfield>
    <subfield code="d">2014-05-03</subfield>
    <subfield code="l">0</subfield>
    <subfield code="o">779.85 C445f</subfield>
    <subfield code="p">000060</subfield>
    <subfield code="r">2014-05-03 00:00:00</subfield>
    <subfield code="w">2014-05-03</subfield>
    <subfield code="y">01</subfield>
  </datafield>
</record>
